000 00540nac a22002051ca4500
001 a987674692
008 170707m1969 gw |||| 000u ger d
041 _ager
100 1 _aAbsolon, Rudolf
245 0 4 _aDie Wehrmacht im Dritten Reich :
_bAufbau, Gliederung, Recht, Verwaltung
264 _aBoppard am Rhein :
_bBoldt,
_c1969-
300 _a6 Bände
650 0 _aDrittes Reich
650 0 _aWehrmacht
942 _cMG
040 _cRU-10907106
003 RU-10907106
999 _c44999
_d44999
490 0 _aSchriften des Bundesarchivs
_v16